000 00592nam a22001937a 4500
005 20140808122131.0
010 _aENG-110271
020 _a9789351422372
_c298.00
035 _aEN-93803
037 _bDBAD/PUB
082 _a658.1552
100 _aMadegowda, J.
245 _aCost management /
_cby J.Madegowda
260 _aMumbai
_bHimalaya Publishing House
_c2013
270 _aRamdoot, Dr. Bhalerao Marg, Girgaon
_bMumbai
_e400004
300 _a348p.:
_c24cm(pbk)
_bill.
500 _aIncludes bibliographical references and index
942 _2ddc
_cEN
_mMAD
_h658.1552
999 _c85268
_d85268